[Event "4NCL Division 4 South"]
[Site "Reading, ENG"]
[Date "2018.01.13"]
[Round "3.11"]
[White "Ogunshola, Ben"]
[Black "Hadi, Justin"]
[Result "1/2-1/2"]
[WhiteElo "2143"]
[BlackElo "1991"]
[PlyCount "139"]
[EventDate "2018.01.13"]

1. c4 f5 2. Nc3 Nf6 3. g3 g6 4. Bg2 Bg7 5. d3 O-O 6. Rb1 a5 7. a3 Na6 8. e3 e5
9. Nge2 c6 10. f4 Re8 11. O-O d6 12. h3 Kh8 13. Kh2 Be6 14. b3 Qe7 15. Bd2 Bd7
16. Na4 Qd8 17. Qe1 b6 18. Qf2 e4 19. d4 c5 20. Nac3 Qe7 21. Rfd1 Be6 22. d5
Bd7 23. Be1 Rec8 24. Nc1 Nc7 25. a4 Na6 26. N3a2 Nb4 27. Bc3 Nh5 28. Bxg7+ Qxg7
29. Nxb4 axb4 30. Ne2 Nf6 31. Qe1 Kg8 32. Qd2 Kf7 33. Ra1 h5 34. Rg1 Rh8 35.
Bh1 Qf8 36. Qe1 Qh6 37. Ra2 Ra5 38. Rc2 Re8 39. Kg2 Rea8 40. Kf2 Qg7 41. Qd2
Rh8 42. Bg2 Re8 43. Bf1 Rh8 44. Rg2 Rh6 45. Ng1 Qh8 46. Be2 Rh7 47. Qd1 Ra8 48.
Ke1 Rg7 49. h4 Ng4 50. Qd2 Qd8 51. Nh3 Qf6 52. Ng5+ Ke7 53. Bxg4 hxg4 54. Rh2
Rgg8 55. Ke2 Rh8 56. Rh1 Bc8 57. Kf2 Bd7 58. Ra2 Ra5 59. Rd1 Bc8 60. Qc2 Bd7
61. Qb1 Rh6 62. Rad2 Rh8 63. Qc2 Bc8 64. Kg2 Rh5 65. Re2 Bd7 66. Ne6 Ra8 67.
Red2 Rhh8 68. Ng5 Rh5 69. Rh1 Ra5 70. Qb2 1/2-1/2

[Event "4NCL Division 4 South"]
[Site "Reading, ENG"]
[Date "2018.01.13"]
[Round "3.12"]
[White "Duggan, Christopher"]
[Black "Froom, Oliver"]
[Result "1-0"]
[WhiteElo "2021"]
[BlackElo "1965"]
[PlyCount "81"]
[EventDate "2018.01.13"]

1. e4 c5 2. Nf3 d6 3. c3 Nf6 4. Be2 g6 5. O-O Bg7 6. Re1 O-O 7. Bf1 e5 8. Na3
Nc6 9. h3 d5 10. exd5 Nxd5 11. Nc4 Qc7 12. d3 b6 13. Ne3 Nde7 14. Qa4 Nf5 15.
Nxf5 Bxf5 16. Qh4 Rad8 17. Ng5 h6 18. Ne4 g5 19. Qg3 Bg6 20. h4 f5 21. hxg5 f4
22. Qh4 Qe7 23. Qg4 h5 24. Qh4 Bxe4 25. dxe4 Bh6 26. Bc4+ Kh8 27. Bd5 Nb8 28.
Qxh5 Qxg5 29. Qxg5 Bxg5 30. c4 Rd6 31. b3 Bf6 32. Bb2 Rfd8 33. g3 fxg3 34. f4
exf4 35. e5 Bg7 36. exd6 Bxb2 37. Rab1 Bd4+ 38. Kg2 Nd7 39. Re7 f3+ 40. Kxf3
Rf8+ 41. Kxg3 1-0

[Event "4NCL Division 4 South"]
[Site "Reading, ENG"]
[Date "2018.01.13"]
[Round "3.13"]
[White "Green, George D A"]
[Black "Foster, Cyril"]
[Result "1/2-1/2"]
[WhiteElo "1862"]
[BlackElo "1915"]
[PlyCount "58"]
[EventDate "2018.01.13"]

1. Nf3 d5 2. d4 c5 3. e3 Nf6 4. c4 cxd4 5. exd4 Nc6 6. Nc3 e6 7. Bg5 Be7 8.
cxd5 Nxd5 9. Bxe7 Ncxe7 10. Bb5+ Bd7 11. Bxd7+ Qxd7 12. Ne5 Qd6 13. Qa4+ Nc6
14. Nxc6 Nxc3 15. bxc3 bxc6 16. O-O O-O 17. Rab1 Rfd8 18. Rb7 Rd7 19. Rfb1 g6
20. h3 Kg7 21. Qa6 c5 22. Qb5 Rxb7 23. Qxb7 Rd8 24. Qxa7 cxd4 25. Rb7 Qf4 26.
cxd4 Qc1+ 27. Kh2 Qf4+ 28. Kg1 Qc1+ 29. Kh2 Qf4+ 1/2-1/2

[Event "4NCL Division 4 South"]
[Site "Reading, ENG"]
[Date "2018.01.13"]
[Round "3.14"]
[White "Cole, Graham"]
[Black "Olufemi, George"]
[Result "1-0"]
[WhiteElo "1821"]
[BlackElo "1844"]
[PlyCount "57"]
[EventDate "2018.01.13"]

1. e4 g6 2. d4 Bg7 3. Nc3 c5 4. Nf3 cxd4 5. Nxd4 Nc6 6. Be3 Nf6 7. Nxc6 bxc6 8.
e5 Ng8 9. f4 Nh6 10. Qd2 Nf5 11. Bf2 d5 12. g4 d4 13. Ne4 Ne3 14. Bxe3 dxe3 15.
Qxd8+ Kxd8 16. O-O-O+ Kc7 17. h3 h6 18. Bc4 g5 19. fxg5 Bxe5 20. gxh6 f6 21. c3
Rxh6 22. Rde1 Rb8 23. Kc2 Bf4 24. Nc5 f5 25. b4 a5 26. a3 fxg4 27. hxg4 Bxg4
28. Rxh6 Bxh6 29. Na6+ 1-0

[Event "4NCL Division 4 South"]
[Site "Reading, ENG"]
[Date "2018.01.13"]
[Round "3.15"]
[White "Sloan, Hamish"]
[Black "Bush, Ian"]
[Result "0-1"]
[WhiteElo "1551"]
[BlackElo "1885"]
[PlyCount "92"]
[EventDate "2018.01.13"]

1. e4 d6 2. d4 Nf6 3. Nc3 g6 4. Bg5 c6 5. f4 Bg7 6. Nf3 O-O 7. Be2 b5 8. a3 d5
9. Bxf6 Bxf6 10. e5 Bg7 11. O-O Qb6 12. b4 a5 13. Qd2 Nd7 14. Na2 Bb7 15. c3
Qc7 16. Rae1 Nb6 17. Nc1 Nc4 18. Bxc4 bxc4 19. Ne2 Bc8 20. Ng3 axb4 21. axb4
Bh6 22. h3 Ra3 23. Ra1 Qa7 24. Rxa3 Qxa3 25. Ne2 Bf5 26. g4 Bd3 27. Nc1 Bxf1
28. Kxf1 Ra8 29. g5 Bg7 30. Ne1 f6 31. h4 Qa1 32. Ke2 h6 33. Nc2 Qa7 34. Kf3
Qd7 35. Kg3 hxg5 36. hxg5 Kf7 37. Qg2 Qf5 38. Ne3 Qb1 39. Ne2 Ra2 40. Kf3 Qe4+
41. Kf2 Qxf4+ 42. Qf3 Qxg5 43. Nxd5 Qh4+ 44. Ke3 Bh6+ 45. Ndf4 Qe1 46. Qxc6
Qxe2# 0-1

[Event "4NCL Division 4 South"]
[Site "Reading, ENG"]
[Date "2018.01.13"]
[Round "3.16"]
[White "Neatherway, A Philip"]
[Black "Fernando, Manel"]
[Result "1-0"]
[WhiteElo "1800"]
[BlackElo "1536"]
[PlyCount "59"]
[EventDate "2018.01.13"]

1. e4 e5 2. Nf3 Nc6 3. Bb5 d6 4. Bxc6+ bxc6 5. d4 exd4 6. Nxd4 Bb7 7. Nc3 Nf6
8. O-O Be7 9. Re1 O-O 10. Nf5 Re8 11. Bg5 Qd7 12. Qf3 Bd8 13. Rad1 h6 14. Bh4
Nh7 15. Qg4 Qxf5 16. exf5 Bxh4 17. Rxe8+ Rxe8 18. Qxh4 Nf6 19. Qb4 Bc8 20. Qa5
Re7 21. f3 a6 22. Kf2 Re5 23. Qxc7 Bxf5 24. Qxd6 Re6 25. Qb8+ Kh7 26. Re1 Nd7
27. Qf4 Rf6 28. Ne4 Bxe4 29. Qxe4+ g6 30. Qe7 1-0

[Event "4NCL Division 4 South"]
[Site "Reading, ENG"]
[Date "2018.01.13"]
[Round "3.21"]
[White "Norman, Kenneth I"]
[Black "Parry, Matthew"]
[Result "1-0"]
[WhiteElo "2120"]
[BlackElo "1903"]
[PlyCount "59"]
[EventDate "2018.01.13"]

1. Nf3 d6 2. d4 Nf6 3. c4 g6 4. g3 Bg7 5. Bg2 O-O 6. Nc3 Nbd7 7. O-O e5 8. e4
Re8 9. h3 b6 10. d5 Bb7 11. Be3 Nc5 12. Qc2 c6 13. b4 Na6 14. a3 cxd5 15. cxd5
Rc8 16. Nd2 Nb8 17. Rfc1 a6 18. Qb3 Nbd7 19. a4 Qc7 20. Rab1 Qb8 21. Bf1 Re7
22. Nc4 Nxe4 23. Nxe4 Bxd5 24. Qd3 Qa8 25. Nexd6 e4 26. Qd1 Rd8 27. Bxb6 Nxb6
28. Nxb6 Qb8 29. Nxd5 Rxd6 30. Nxe7+ 1-0

[Event "4NCL Division 4 South"]
[Site "Reading, ENG"]
[Date "2018.01.13"]
[Round "3.22"]
[White "Smith, Steve"]
[Black "Crombleholme, Alan K"]
[Result "0-1"]
[WhiteElo "1821"]
[BlackElo "1994"]
[PlyCount "80"]
[EventDate "2018.01.13"]

1. e4 c6 2. d4 d5 3. exd5 cxd5 4. c4 Nf6 5. Nc3 Nc6 6. Nf3 Be6 7. c5 g6 8. Be2
Bg7 9. O-O O-O 10. Bf4 Ne4 11. Qa4 a6 12. Rfd1 b5 13. Qc2 Bf5 14. Qc1 Nxc3 15.
Qxc3 Bg4 16. Qe3 Qd7 17. Bh6 Qf5 18. Bxg7 Kxg7 19. Rac1 e6 20. h3 Bxf3 21. Bxf3
Qf6 22. Be2 Rfb8 23. b3 Rb7 24. a3 Qd8 25. b4 a5 26. Qb3 axb4 27. axb4 Ra4 28.
Rb1 Rxb4 29. Qc3 Rxb1 30. Rxb1 Qf6 31. Rd1 b4 32. Qd3 Rb8 33. Qg3 b3 34. Bf1 b2
35. Rb1 Qxd4 36. Qa3 Qb4 37. Qe3 Qd4 38. Qa3 Qd2 39. Qa6 Qc1 40. Qd3 Rb4 0-1

[Event "4NCL Division 4 South"]
[Site "Reading, ENG"]
[Date "2018.01.13"]
[Round "3.23"]
[White "Reynolds, D Ian W"]
[Black "Hurley, Jake"]
[Result "0-1"]
[WhiteElo "2013"]
[BlackElo "1698"]
[PlyCount "70"]
[EventDate "2018.01.13"]

1. e4 a6 2. Nf3 b5 3. d4 Nf6 4. e5 Nd5 5. a4 bxa4 6. c4 Nb6 7. c5 Nd5 8. Bc4
Bb7 9. Qxa4 e6 10. O-O Bc6 11. Qc2 d6 12. cxd6 cxd6 13. Qe2 Be7 14. Nc3 dxe5
15. Nxe5 Nxc3 16. bxc3 Bd5 17. Bb5+ axb5 18. Qxb5+ Nd7 19. c4 Rxa1 20. cxd5 Ra5
21. Qc6 Rxd5 22. Re1 O-O 23. Nf3 Bf6 24. Be3 Qb6 25. Qc2 Rb8 26. h4 Rb5 27. d5
Rb2 28. Qc1 Qd6 29. dxe6 fxe6 30. Rd1 Qe7 31. Qc7 Rb1 32. Bc1 Nc5 33. Qf4 R8b4
34. Qe3 Bb2 35. g3 Rb3 0-1

[Event "4NCL Division 4 South"]
[Site "Reading, ENG"]
[Date "2018.01.13"]
[Round "3.24"]
[White "Melsom, Jonathan T"]
[Black "Szymanski, Mark"]
[Result "1-0"]
[WhiteElo "1734"]
[BlackElo "1920"]
[PlyCount "89"]
[EventDate "2018.01.13"]

1. e4 c6 2. d4 d5 3. e5 Bf5 4. Nf3 e6 5. Be2 c5 6. O-O Nc6 7. c3 cxd4 8. Nxd4
Nge7 9. Bb5 a6 10. Bxc6+ bxc6 11. Bg5 Qb6 12. Qa4 Bd3 13. Re1 Bb5 14. Qc2 c5
15. Nf3 Ng6 16. a4 Bc6 17. Nbd2 Be7 18. Bxe7 Nxe7 19. b4 O-O 20. bxc5 Qxc5 21.
Nb3 Qc4 22. Nbd4 Rfc8 23. Nd2 Qc5 24. Qd3 Be8 25. Re3 Nc6 26. Rh3 g6 27. Qe3
Qf8 28. N2f3 Qg7 29. Qf4 Ne7 30. Ng5 h6 31. Ngxe6 fxe6 32. Nxe6 g5 33. Rg3 Qg6
34. Qf8+ Kh7 35. Nxg5+ Qxg5 36. Rxg5 hxg5 37. Qxe7+ Kh6 38. Rb1 Rxc3 39. Qf8+
Kh5 40. Qh8+ Kg4 41. h3+ Kf5 42. Qf6+ Ke4 43. Re1+ Kd3 44. e6 d4 45. Qf3+ 1-0

[Event "4NCL Division 4 South"]
[Site "Reading, ENG"]
[Date "2018.01.13"]
[Round "3.25"]
[White "Feavyour, John A"]
[Black "Ray, Hiya"]
[Result "1-0"]
[WhiteElo "1977"]
[BlackElo "1625"]
[PlyCount "83"]
[EventDate "2018.01.13"]

1. d4 Nf6 2. c4 g6 3. Nf3 Bg7 4. g3 O-O 5. Bg2 d6 6. O-O c5 7. Nc3 Na6 8. e4 e6
9. h3 Qe7 10. e5 dxe5 11. dxe5 Nd7 12. Bf4 Nc7 13. Qe2 h6 14. h4 a6 15. Ne4 b5
16. b3 bxc4 17. bxc4 f6 18. exf6 Nxf6 19. Bd6 Qe8 20. Bxc7 Qc6 21. Nxf6+ Bxf6
22. Be5 Bb7 23. Bxf6 Rxf6 24. Ne1 Qb6 25. Bxb7 Qxb7 26. Nd3 Qc6 27. Ne5 Qc7 28.
Ng4 Rff8 29. Qxe6+ Kh7 30. Rad1 Ra7 31. Rd6 Qg7 32. Qe5 Qxe5 33. Nxe5 g5 34. h5
Re8 35. f4 gxf4 36. gxf4 Rg7+ 37. Kf2 Reg8 38. Rg6 Rb7 39. Re1 Rf8 40. Kf3 Rb2
41. Rd1 Rb7 42. Rdd6 1-0

[Event "4NCL Division 4 South"]
[Site "Reading, ENG"]
[Date "2018.01.13"]
[Round "3.31"]
[White "Isaakidis, Alexandros"]
[Black "Farr, Peter G"]
[Result "1-0"]
[WhiteElo "2057"]
[BlackElo "2215"]
[PlyCount "85"]
[EventDate "2018.01.13"]

1. e4 e6 2. d4 d5 3. Nd2 Nf6 4. e5 Nfd7 5. f4 c5 6. Ngf3 Nc6 7. Nb3 cxd4 8.
Nbxd4 Qb6 9. Be2 Be7 10. O-O g5 11. fxg5 Ndxe5 12. Nxe5 Nxe5 13. Bb5+ Bd7 14.
Bxd7+ Nxd7 15. Kh1 Ne5 16. Bf4 Ng6 17. Be3 Qd6 18. Qf3 Rf8 19. Qe2 a6 20. c4
dxc4 21. Qxc4 Ne5 22. Qe2 Qd5 23. Rac1 Qe4 24. Nb5 axb5 25. Qxb5+ Nc6 26. Qxb7
Rb8 27. Qxc6+ Qxc6 28. Rxc6 Kd7 29. Rfc1 Bd6 30. Rxd6+ Kxd6 31. Bc5+ Kd5 32.
Bxf8 Rxf8 33. Kg1 Ke4 34. b4 Ra8 35. Rc2 Kd3 36. Rf2 e5 37. b5 e4 38. Rb2 Kc3
39. Rb3+ Kc4 40. b6 e3 41. b7 e2 42. Kf2 Re8 43. Ke1 1-0

[Event "4NCL Division 4 South"]
[Site "Reading, ENG"]
[Date "2018.01.13"]
[Round "3.32"]
[White "Watson, Jacob"]
[Black "De Coverly, Roger D"]
[Result "1/2-1/2"]
[WhiteElo "1952"]
[BlackElo "1969"]
[PlyCount "111"]
[EventDate "2018.01.13"]

1. e4 e5 2. Nf3 Nc6 3. Bb5 a6 4. Ba4 Nf6 5. d3 d6 6. c3 Be7 7. O-O O-O 8. Nbd2
b5 9. Bc2 Bb7 10. a4 Nb8 11. b4 Nbd7 12. Nb3 c5 13. Na5 Qc7 14. Nxb7 Qxb7 15.
Rb1 cxb4 16. cxb4 d5 17. Bg5 Bd6 18. Re1 Rfe8 19. Nh4 h6 20. Nf5 Bf8 21. Bd2
dxe4 22. dxe4 Nb6 23. Qf3 Rac8 24. Bd3 Nc4 25. Bxc4 Rxc4 26. Nxh6+ gxh6 27.
Qxf6 Rxe4 28. Rxe4 Qxe4 29. Rb3 Bg7 30. Qf3 Qc2 31. Be1 e4 32. Qe3 bxa4 33. Ra3
Qd1 34. Kf1 Qd7 35. Qd2 Qb5+ 36. Qe2 Bb2 37. Re3 a3 38. Rg3+ Kh7 39. Bc3 Bxc3
40. Rxc3 Qxb4 41. Qa2 Re6 42. Qxa3 Qxa3 43. Rxa3 Rd6 44. Ke2 Kg6 45. Ra5 f5 46.
h3 Kf6 47. Ke3 Kg5 48. g4 Rd3+ 49. Ke2 Rxh3 50. gxf5 Rf3 51. Rxa6 Rxf5 52. Re6
Rf4 53. Ke3 h5 54. Re8 Rh4 55. Re5+ Kf6 56. Rxe4 1/2-1/2

[Event "4NCL Division 4 South"]
[Site "Reading, ENG"]
[Date "2018.01.13"]
[Round "3.33"]
[White "Gregory, Keith D F"]
[Black "Watson, Mikey J"]
[Result "1/2-1/2"]
[WhiteElo "1989"]
[BlackElo "1960"]
[PlyCount "60"]
[EventDate "2018.01.13"]

1. Nf3 Nf6 2. c4 g6 3. g3 c5 4. Bg2 Bg7 5. O-O O-O 6. Nc3 d6 7. d3 Na6 8. a3
Nc7 9. Rb1 Rb8 10. b4 Ne6 11. e4 Bd7 12. b5 Qc8 13. Re1 Nd4 14. Nxd4 cxd4 15.
Nd5 Nxd5 16. exd5 e5 17. dxe6 fxe6 18. f4 e5 19. a4 Qc7 20. Qb3 Kh8 21. b6 Qxb6
22. Qxb6 axb6 23. Rxb6 Bxa4 24. Rxd6 Rfe8 25. fxe5 Bxe5 26. Rb6 Bxg3 27. Re4
Bc7 28. Rxb7 Rxe4 29. Rxb8+ Bxb8 30. Bxe4 Kg7 1/2-1/2

[Event "4NCL Division 4 South"]
[Site "Reading, ENG"]
[Date "2018.01.13"]
[Round "3.34"]
[White "Bansal, Saahil"]
[Black "Bellers, Chris J"]
[Result "0-1"]
[WhiteElo "1490"]
[BlackElo "1984"]
[PlyCount "118"]
[EventDate "2018.01.13"]

1. d4 g6 2. c4 Bg7 3. e4 Nc6 4. Nf3 e5 5. dxe5 Nxe5 6. Be2 d6 7. h3 Be6 8. Qc2
Nxf3+ 9. Bxf3 Ne7 10. O-O Nc6 11. Nd2 O-O 12. Nb3 f5 13. Bd2 Ne5 14. Be2 fxe4
15. Qxe4 Kh8 16. Bc3 g5 17. Nd4 Bd7 18. Qxb7 c5 19. Nb5 Bc6 20. Qc7 Bxb5 21.
Qxd8 Raxd8 22. cxb5 d5 23. Bxe5 Bxe5 24. Rab1 c4 25. Rfd1 Kg7 26. Rd2 c3 27.
bxc3 Bxc3 28. Rc2 d4 29. Rbc1 Rd6 30. Rxc3 dxc3 31. Rxc3 Rd2 32. Rc7+ Rf7 33.
Rxf7+ Kxf7 34. Bc4+ Ke7 35. g4 Kd6 36. Kg2 Kc5 37. Bg8 h6 38. Kg3 Rd3+ 39. f3
Kxb5 40. Bh7 Rd2 41. Bg8 Kc5 42. h4 Kd4 43. Bb3 Ke3 44. a4 a5 45. Be6 gxh4+ 46.
Kxh4 Kxf3 47. Kh5 Rh2+ 48. Kg6 Kf4 49. Kh7 Kg5 50. Kg7 Rc2 51. Bf7 Rc7 52. Kf8
Kxg4 53. Be6+ Kg5 54. Bf7 h5 55. Bxh5 Kxh5 56. Ke8 Kg6 57. Kd8 Rh7 58. Kc8 Kf6
59. Kb8 Ke6 0-1

[Event "4NCL Division 4 South"]
[Site "Reading, ENG"]
[Date "2018.01.13"]
[Round "3.35"]
[White "Lovell, William Pm"]
[Black "Moore, Eoin"]
[Result "1-0"]
[WhiteElo "1786"]
[BlackElo "1532"]
[PlyCount "125"]
[EventDate "2018.01.13"]

1. d4 Nf6 2. Nc3 d5 3. Bf4 g6 4. Qd2 Bg7 5. Bh6 O-O 6. Bxg7 Kxg7 7. O-O-O c5 8.
e3 cxd4 9. exd4 Bf5 10. f3 Nc6 11. g4 Bd7 12. h4 e6 13. h5 Rc8 14. Nge2 e5 15.
dxe5 Nxe5 16. Nd4 Nc6 17. Nce2 Qc7 18. Nxc6 bxc6 19. Qc3 h6 20. g5 Qd6 21.
Qxf6+ Qxf6 22. gxf6+ Kxf6 23. hxg6 fxg6 24. Bh3 Bxh3 25. Rxh3 Kg7 26. Nd4 Rf6
27. Re1 c5 28. Nb3 Rc7 29. Re5 c4 30. Nd4 Rd7 31. Ne6+ Kh7 32. Ng5+ Kg7 33.
Ne6+ Kh7 34. Nc5 Rdf7 35. Ne6 Re7 36. Ng5+ Kg8 37. Rxe7 hxg5 38. Re5 g4 39.
fxg4 Rf1+ 40. Kd2 d4 41. Rh2 g5 42. Rxg5+ Kf8 43. Rf5+ Rxf5 44. gxf5 a5 45. Rh4
a4 46. Rxd4 a3 47. bxa3 Ke7 48. Rxc4 Kf6 49. Ke3 Ke5 50. f6 Kxf6 51. Re4 Kf7
52. Re5 Kf6 53. Kf4 Kg6 54. Rf5 Kh6 55. Rg5 Kh7 56. Kf5 Kh8 57. Kf6 Kh7 58. c4
Kh6 59. c5 Kh7 60. c6 Kh6 61. c7 Kh7 62. c8=Q Kh6 63. Qh8# 1-0

[Event "4NCL Division 4 South"]
[Site "Reading, ENG"]
[Date "2018.01.13"]
[Round "3.36"]
[White "Watson, Scarlet"]
[Black "Smith, Steven J"]
[Result "0-1"]
[WhiteElo "827"]
[BlackElo "1742"]
[PlyCount "56"]
[EventDate "2018.01.13"]

1. e4 c5 2. Nf3 d6 3. Bc4 e6 4. O-O Nc6 5. Nc3 Bd7 6. d3 a6 7. Bg5 Be7 8. Bf4
Na5 9. b3 b5 10. h4 bxc4 11. Ng5 Bxg5 12. hxg5 e5 13. Bg3 Ne7 14. f4 Nac6 15.
fxe5 dxe5 16. Qf3 Be6 17. Rae1 Qd4+ 18. Bf2 Qxc3 19. g6 hxg6 20. d4 Qxf3 21.
gxf3 cxd4 22. bxc4 Bxc4 23. Bxd4 Bxf1 24. Rxf1 Nxd4 25. c3 Ne2+ 26. Kf2 Nf4 27.
a4 Rh2+ 28. Ke3 Re2# 0-1

[Event "4NCL Division 4 South"]
[Site "Reading, ENG"]
[Date "2018.01.13"]
[Round "3.41"]
[White "Pigott, Darrell N"]
[Black "Seymour, Timothy P"]
[Result "0-1"]
[WhiteElo "1862"]
[BlackElo "2074"]
[PlyCount "132"]
[EventDate "2018.01.13"]

1. e4 e5 2. Nf3 Nc6 3. Bb5 Nge7 4. O-O g6 5. d4 exd4 6. Nxd4 Bg7 7. Be3 O-O 8.
Nc3 d5 9. exd5 Nb4 10. Bg5 h6 11. Be3 Nbxd5 12. Nde2 Nxe3 13. fxe3 Nf5 14. Qxd8
Rxd8 15. Bc4 Nxe3 16. Bxf7+ Kh7 17. Rf3 Nxc2 18. Raf1 Bf5 19. h3 Nd4 20. Re3
Rf8 21. Bc4 Rae8 22. Rxe8 Rxe8 23. Ng3 Be6 24. Bd3 Be5 25. Nh5 Bf5 26. Bxf5
Nxf5 27. g4 Bd4+ 28. Kh1 Nd6 29. Nf6+ Bxf6 30. Rxf6 Kg7 31. Rf2 Ne4 32. Nxe4
Rxe4 33. Kg2 c5 34. Kf3 Re5 35. Rd2 Kf6 36. Rd6+ Re6 37. Rd7 Re7 38. Rd6+ Re6
39. Rd7 Re7 40. Rd6+ Kf7 41. h4 c4 42. Kf4 b5 43. Kf3 Rc7 44. Ke2 b4 45. Kd2
Kg7 46. Rd4 Kf6 47. Rd6+ Kg7 48. Rd4 g5 49. h5 Kf6 50. Re4 a5 51. a3 c3+ 52.
bxc3 bxc3+ 53. Kc2 Rc5 54. a4 Rc8 55. Rd4 Ke5 56. Rd7 Kf4 57. Rh7 Rc6 58. Rg7
Kxg4 59. Rg6 Rc4 60. Rxh6 Kf3 61. Rf6+ Kg2 62. h6 Rh4 63. Rg6 g4 64. h7 g3 65.
Kxc3 Rxh7 66. Kd2 Kh2 0-1

[Event "4NCL Division 4 South"]
[Site "Reading, ENG"]
[Date "2018.01.13"]
[Round "3.42"]
[White "Singleton, Michael P F"]
[Black "Dunlop, Neil J"]
[Result "1-0"]
[WhiteElo "2054"]
[BlackElo "1813"]
[PlyCount "89"]
[EventDate "2018.01.13"]

1. d4 f5 2. e4 fxe4 3. Nc3 Nf6 4. f3 d5 5. fxe4 dxe4 6. Bc4 Nc6 7. Nge2 Na5 8.
Bb5+ c6 9. Ba4 b5 10. Bb3 Nxb3 11. axb3 Bf5 12. O-O e6 13. Bf4 Bd6 14. Qd2 O-O
15. Ra6 Qc8 16. Rfa1 Bxf4 17. Qxf4 Nd5 18. Qd6 Rd8 19. Qc5 Nxc3 20. bxc3 Rd5
21. Rxa7 Rxa7 22. Qxa7 Rd7 23. Qc5 e3 24. Ra2 Rd5 25. Qe7 e5 26. Ra7 Rd7 27.
Rxd7 Qxd7 28. Qxe5 Bxc2 29. b4 Bd3 30. Nf4 Bc4 31. Qxe3 h6 32. h3 Qf5 33. Kh2
Bd5 34. Qe5 Qd7 35. Nd3 Qf7 36. Qf4 Qg6 37. Qg3 Qf5 38. Ne5 Qc2 39. h4 Qf5 40.
Qg4 Qf6 41. Qg3 Kh7 42. h5 Be4 43. Qg4 Bd5 44. Ng6 Be6 45. Qxe6 1-0

[Event "4NCL Division 4 South"]
[Site "Reading, ENG"]
[Date "2018.01.13"]
[Round "3.43"]
[White "Charles, Simon"]
[Black "Faulks, Nick"]
[Result "0-1"]
[WhiteElo "1780"]
[BlackElo "1913"]
[PlyCount "122"]
[EventDate "2018.01.13"]

1. e4 c5 2. Nc3 a6 3. Nf3 e6 4. d3 Nc6 5. Bg5 Qb6 6. Qc1 h6 7. Be3 Nf6 8. h3 d5
9. exd5 exd5 10. Bd2 Bf5 11. g4 Be6 12. Bg2 Be7 13. Ne2 Rd8 14. a4 d4 15. Nf4
Bc8 16. O-O g5 17. Ne2 Rd6 18. Ng3 Kf8 19. Re1 Qd8 20. Re2 Re6 21. Qf1 Rxe2 22.
Qxe2 Bd6 23. Re1 Kg7 24. Qf1 Qc7 25. Ne4 Nxe4 26. Rxe4 f5 27. gxf5 Bxf5 28. Re1
Qd7 29. b3 Rf8 30. Bc1 Bc7 31. Nd2 Nb4 32. Ne4 Nxc2 33. Re2 Nb4 34. Ba3 Bxe4
35. Bxe4 Qd6 36. Qg2 b6 37. Bxb4 cxb4 38. Rc2 Rf7 39. Rc6 Qf4 40. Rg6+ Kf8 41.
Rc6 Qd2 42. Rxh6 Qd1+ 43. Qf1 Qxb3 44. Qc1 Qc3 45. Rc6 Qxc1+ 46. Rxc1 Bd6 47.
Rc8+ Ke7 48. Ra8 Bc5 49. Kg2 b3 50. Bd5 b2 51. Ba2 Kd6 52. Rg8 Re7 53. Rxg5 Re1
54. h4 Ra1 55. Bb1 Rxb1 56. h5 Rc1 57. h6 b1=Q 58. Rg6+ Kd5 59. h7 Rg1+ 60. Kh2
Rxg6 61. h8=Q Bd6+ 0-1

[Event "4NCL Division 4 South"]
[Site "Reading, ENG"]
[Date "2018.01.13"]
[Round "3.44"]
[White "Alcock, Graham P"]
[Black "Sloan, Cecil"]
[Result "1/2-1/2"]
[WhiteElo "1762"]
[BlackElo "1614"]
[PlyCount "80"]
[EventDate "2018.01.13"]

1. e4 d5 2. exd5 Qxd5 3. Nc3 Qd8 4. Nf3 Bg4 5. h3 Bxf3 6. Qxf3 c6 7. Bc4 Nf6 8.
O-O e6 9. Re1 Nbd7 10. d3 a5 11. Bf4 Be7 12. a3 O-O 13. Ne4 Nb6 14. Ba2 Nbd5
15. Be5 Nd7 16. Bg3 N7f6 17. c4 Nb6 18. Be5 Nbd7 19. Bc3 Qc7 20. d4 Nxe4 21.
Qxe4 Bf6 22. Rad1 g6 23. Re3 Bg7 24. d5 Nc5 25. Qf3 Bxc3 26. Rxc3 Rfd8 27. Rdc1
a4 28. Qe3 b6 29. Qf3 Rac8 30. Rd1 Qd6 31. Rcc1 cxd5 32. cxd5 exd5 33. Rxd5 Qe7
34. Rcd1 Rxd5 35. Bxd5 Rc7 36. Qf4 Kg7 37. Qd2 Qf6 38. Bf3 Rd7 39. Qc2 Rxd1+
40. Bxd1 Qd4 1/2-1/2

[Event "4NCL Division 4 South"]
[Site "Reading, ENG"]
[Date "2018.01.13"]
[Round "3.45"]
[White "Gogna, Avi"]
[Black "Bussmann, John"]
[Result "1-0"]
[WhiteElo "1517"]
[BlackElo "1713"]
[PlyCount "79"]
[EventDate "2018.01.13"]

1. d4 Nf6 2. Nf3 g6 3. c4 Bg7 4. g3 d6 5. Bg2 O-O 6. O-O c6 7. Nc3 d5 8. Nd2 b6
9. b3 Bb7 10. Bb2 e6 11. e3 Nbd7 12. Rc1 h5 13. h4 Ng4 14. Ne2 Ndf6 15. Nf4 Re8
16. Re1 Bf8 17. Nd3 Qb8 18. a3 Bd6 19. e4 dxe4 20. Nxe4 Nxe4 21. Rxe4 f5 22.
Re1 Bxg3 23. fxg3 Qxg3 24. Qf3 Qxh4 25. Nf4 Qf6 26. Re2 Re7 27. d5 e5 28. dxc6
Qg5 29. cxb7 Rd8 30. Nd5 Red7 31. Rd1 e4 32. Qc3 Qh6 33. Nf6+ Nxf6 34. Rxd7
Nxd7 35. Qd4 Qh7 36. Rd2 Qh6 37. b8=Q Rxb8 38. Qxd7 Qe3+ 39. Rf2 Qh6 40. Qe6+
1-0

[Event "4NCL Division 4 South"]
[Site "Reading, ENG"]
[Date "2018.01.13"]
[Round "3.46"]
[White "Moss, Stephen"]
[Black "Gurjar, Roshan"]
[Result "1-0"]
[WhiteElo "1707"]
[BlackElo "1244"]
[PlyCount "61"]
[EventDate "2018.01.13"]

1. d4 d5 2. Nf3 Nf6 3. c4 c6 4. Nc3 e6 5. e3 Nbd7 6. Bd3 dxc4 7. Bxc4 b5 8. Bd3
Bb7 9. O-O a6 10. a3 c5 11. dxc5 Bxc5 12. Be2 O-O 13. b4 Bb6 14. Bb2 Rc8 15.
Rc1 Re8 16. Qb3 Nd5 17. Nxd5 Bxd5 18. Qd1 Bc7 19. Qd4 Nf6 20. Qh4 e5 21. Rfd1
Qe7 22. Rc5 Red8 23. Rdc1 Re8 24. Bxe5 Bxe5 25. Rxc8 Bxf3 26. Bxf3 Qd7 27.
Rxe8+ Qxe8 28. Qh3 Nd7 29. Bc6 Bd6 30. Qxd7 Qe5 31. Qe8+ 1-0

[Event "4NCL Division 4 South"]
[Site "Reading, ENG"]
[Date "2018.01.13"]
[Round "3.51"]
[White "Wilks, Simon"]
[Black "Smith, Richard W"]
[Result "1-0"]
[WhiteElo "1989"]
[BlackElo "1990"]
[PlyCount "29"]
[EventDate "2018.01.13"]

1. e4 e5 2. Nf3 Nc6 3. Bb5 a6 4. Ba4 Nf6 5. Qe2 Be7 6. O-O b5 7. Bb3 d6 8. a4
b4 9. Qc4 Qd7 10. Qxf7+ Kd8 11. Qxg7 Rf8 12. d3 Na5 13. Bf7 Qg4 14. Bg5 h6 15.
h3 1-0

[Event "4NCL Division 4 South"]
[Site "Reading, ENG"]
[Date "2018.01.13"]
[Round "3.52"]
[White "Ireland, David J"]
[Black "Penna, Tommaso"]
[Result "1-0"]
[WhiteElo "2012"]
[BlackElo "1990"]
[PlyCount "129"]
[EventDate "2018.01.13"]

1. e4 e5 2. Nf3 Nc6 3. Bb5 a6 4. Bxc6 dxc6 5. O-O Qf6 6. d4 exd4 7. Qxd4 Qxd4
8. Nxd4 Bd7 9. Bg5 Ne7 10. Nd2 O-O-O 11. Nc4 Bg4 12. Nb3 f6 13. Ne3 Be6 14. Bf4
Ng6 15. Bg3 h5 16. h3 b6 17. Rad1 Re8 18. f3 Ne5 19. Nd4 Bd7 20. Bf2 g6 21. c3
Bd6 22. Rd2 c5 23. Ndc2 Bb5 24. Rfd1 Nc4 25. Nxc4 Bxc4 26. b3 Be6 27. Ne3 Be5
28. c4 Rhf8 29. Nd5 Kb7 30. Rd3 f5 31. exf5 Bxf5 32. R3d2 Bd6 33. Ne3 Bd7 34.
Rxd6 cxd6 35. Rxd6 Bf5 36. Nd5 Re6 37. Rd7+ Kc8 38. Rc7+ Kd8 39. Bh4+ Ke8 40.
Rb7 Re2 41. Nxb6 Bb1 42. a3 Rf5 43. Nc8 Kf8 44. Be7+ Kg8 45. Nd6 Rf8 46. Bxf8
Kxf8 47. Rb8+ Kg7 48. Nb7 Re5 49. Rc8 Bf5 50. Rxc5 Re3 51. Na5 Bc2 52. Kf2 Rc3
53. h4 Bxb3 54. Nxb3 Rxb3 55. Ra5 Rc3 56. c5 Kf7 57. a4 Kg7 58. g3 Kf7 59. g4
hxg4 60. fxg4 Kg7 61. h5 gxh5 62. gxh5 Kh7 63. Ke2 Kg7 64. Kd2 Rh3 65. c6 1-0

[Event "4NCL Division 4 South"]
[Site "Reading, ENG"]
[Date "2018.01.13"]
[Round "3.53"]
[White "Jones, Tibor"]
[Black "Pink, Joshua"]
[Result "1-0"]
[WhiteElo "1853"]
[BlackElo "2065"]
[PlyCount "67"]
[EventDate "2018.01.13"]

1. d4 d5 2. c4 dxc4 3. Nf3 e6 4. e3 Nf6 5. Bxc4 a6 6. Bb3 c5 7. O-O b5 8. Qe2
Bb7 9. Rd1 Qc7 10. a4 c4 11. Bc2 Nc6 12. axb5 axb5 13. Rxa8+ Bxa8 14. Nc3 Qb7
15. d5 Nb4 16. dxe6 fxe6 17. Bb1 Bc5 18. b3 Nbd5 19. Bb2 Nxc3 20. Bxc3 Nd5 21.
Bd4 Bxd4 22. exd4 Nf4 23. Qe5 O-O 24. d5 exd5 25. Nd4 Qf7 26. Bf5 Qh5 27. Ra1
g6 28. Ne6 Qh6 29. Nxf8 Qxf8 30. Be6+ Nxe6 31. Qxe6+ Kg7 32. Ra7+ Kh6 33. Qe3+
g5 34. Qe6+ 1-0